Землеволодіння Дерманського Святотроїцького монастиря у другій половині XVIII – перших десятиліттях XIX ст. (Запис № 572406)

МАРК-запис
000 -Лідер
fixed length control field 00843nam a2200193 4500
003 - Ідентифікатор контрольного номера
control field UA-OsUOA
005 - Дата та час останнього входження (трансакції)
control field 20220413132930.0
008 - Елементи даних фіксованої довжини – загальна інформація
fixed length control field 220413b un ||||| |||| 00| 0 ukr d
040 ## - Джерело каталогізації
Агенція оригінальної каталогізації UA-OsUOA
Мова каталогізації ukr
Агенція, яка здійснювала перезапис UA-OsUOA
Агенція, яка здійснювала модифікацію UA-OsUOA
041 ## - Код мови
Код мови тексту/ звукової доріжки чи окремого заголовка (П) ukr
080 ## - Індекс Універсальної десяткової класифікації
Індекс Універсальної десяткової класифікації (УДК) (НП) 908
090 ## - Локальний шифр розміщення
Класифікаційний індекс УДК 908
100 ## - Основне введення – ім’я особи
Ім’я особи (НП) Карліна О.
245 ## - Відомості про назву
Назва (НП) Землеволодіння Дерманського Святотроїцького монастиря у другій половині XVIII – перших десятиліттях XIX ст.
Дані про відповідальність (НП) Оксана Карліна
300 ## - Фізичний опис
Обсяг С.49-64
650 ## - Додаткове предметне введення – тематичний термін
Джерело заголовка чи терміна UDC
773 0# - Введення хост-одиниці (П)
Бібліонома 572168
Host Itemnumber 465472
Заголовок основного введення Національна академія наук України
Місце, видавець та дата видання (НП) Рівне Коло 2021
Інший ідентифікатор одиниці опису 164381
Назва (НП) Дермань і Мізоч в історії та культурі Волині
Міжнародний стандартний книжковий номер (ISBN) 9789660290570
942 ## - Додаткові елементи входу (Коха)
Source of classification or shelving scheme Universal Decimal Classification
Тип елемента Koha Складова частина документа

Немає доступних примірників.